Cape light : color photographs /

Bibliographic Details
Main Author: Meyerowitz, Joel, 1938-
Corporate Author: Museum of Fine Arts, Boston
Format: Book
Language:English
Published: Boston : Museum of Fine Arts, [1978]
Subjects:

MARC

Tag First Indicator Second Indicator Subfields
LEADER 00000cam a2200000 i 4500
001 in00000058886
005 20151008051004.0
008 150910s1978 maua 00010 eng
010 |a  78013869  
020 |a 0878461329 
020 |a 0878461310 (pbk.) :  |c $12.95 
035 |a (OCoLC)04970374 
035 |9 AAG4819AM 
040 |a DLC  |c DLC  |d TXA  |d UtOrBLW 
043 |a n-us-ma 
049 |a TXAM  |c [980651] 
050 0 0 |a TR654  |b .M4637 
082 0 |a 779/.9/974492 
100 1 |a Meyerowitz, Joel,  |d 1938- 
245 1 0 |a Cape light :  |b color photographs /  |c by Joel Meyerowitz ; foreword by Clifford S. Ackley ; interview by Bruce K. MacDonald. 
264 1 |a Boston :  |b Museum of Fine Arts,  |c [1978] 
264 4 |c ©1978 
300 |a approximately 100 pages :  |b color illustrations ;  |c 24 x 27 cm. 
336 |a text  |b txt  |2 rdacontent 
337 |a unmediated  |b n  |2 rdamedia 
338 |a volume  |b nc  |2 rdacarrier 
500 |a Exhibition held at the Museum of Fine Arts, Boston. 
600 1 0 |a Meyerowitz, Joel,  |d 1938- 
650 0 |a Photography, Artistic. 
651 0 |a Cape Cod Bay (Mass.)  |x Pictorial works. 
710 2 |a Museum of Fine Arts, Boston. 
999 |a MARS 
999 f f |s edac955c-3d72-33e9-8fc8-8e810c1207df  |i 4a1aa806-e1b1-3be3-8b40-7ef50fafd306  |t 0 
952 f f |p ric  |a Texas A&M University  |b Rellis Campus  |c Joint Library Facility  |d Remote Storage  |t 0  |e TR654 .M4637  |h Library of Congress classification  |i unmediated -- volume  |m A14805629288 
998 f f |a TR654 .M4637  |t 0  |l Remote Storage